[Event "RSA-ch U18/20 Girls"]
[Site "Bloemfontein"]
[Date "2016.03.25"]
[Round "10"]
[White "Swart, Melanie"]
[Black "Brits, Leandra"]
[Result "0-1"]
[WhiteElo "827"]
[BlackElo "1514"]
[PlyCount "77"]
[EventDate "2016.03.20"]
[EventType "swiss"]
[EventRounds "11"]
[EventCountry "RSA"]
[SourceTitle "CBM 171 Extra"]
[Source "ChessBase"]
[SourceDate "2016.04.26"]
[SourceVersion "1"]
[SourceVersionDate "2016.04.26"]
[SourceQuality "1"]

1. e3 Nf6 2. a3 e6 3. d4 d5 4. h3 Be7 5. Nf3 0-0 6. Bd3 Nbd7 7. 0-0 b6 8. Nbd2 Bb7 9. c3 c5 10. Qc2 c4 11. Be2 h6 12. b3 cxb3 13. Qxb3 Qc7 14. Bd3 Rfc8 15. Bb1 Qxc3 16. Qxc3 Rxc3 17. Bb2 Rc7 18. Bd3 Ne4 19. Rac1 Rcc8 20. Rc2 Rxc2 21. Bxc2 Rc8 22. Rc1 Bd6 23. Bxe4 Rxc1+ 24. Bxc1 dxe4 25. Ne1 Nf6 26. Nc4 Bc7 27. Ne5 b5 28. f3 exf3 29. N5xf3 Bxf3 30. Nxf3 a5 31. Ne5 Bxe5 32. dxe5 Nd5 33. Bd2 b4 34. axb4 axb4 35. Be1 b3 36. e4 Nc3 37. Kf1 Na4 38. Ke2 b2 39. Bb4 0-1

[Event "RSA-ch U18/20 Girls"]
[Site "Bloemfontein"]
[Date "2016.03.24"]
[Round "8"]
[White "Kolver, Michelle"]
[Black "Brits, Leandra"]
[Result "1-0"]
[WhiteElo "1510"]
[BlackElo "1514"]
[PlyCount "50"]
[EventDate "2016.03.20"]
[EventType "swiss"]
[EventRounds "11"]
[EventCountry "RSA"]
[SourceTitle "CBM 171 Extra"]
[Source "ChessBase"]
[SourceDate "2016.04.26"]
[SourceVersion "1"]
[SourceVersionDate "2016.04.26"]
[SourceQuality "1"]

1. d4 Nf6 2. Nc3 e6 3. e4 d5 4. Bg5 Be7 5. e5 Nfd7 6. Bxe7 Qxe7 7. f4 b6 8. Nf3 Bb7 9. Qd2 0-0 10. 0-0-0 c5 11. Nb5 Qd8 12. Nd6 Ba6 13. Bxa6 Nxa6 14. a3 Nc7 15. Qd3 Ne8 16. Ng5 g6 17. Qh3 h5 18. Nxe8 Qxe8 19. g4 f6 20. Nf3 hxg4 21. Qxg4 Kf7 22. exf6 Kxf6 23. Ne5 Nxe5 24. fxe5+ Kg7 25. Rdf1 Kg8 1-0

[Event "RSA-ch U18/20 Girls"]
[Site "Bloemfontein"]
[Date "2016.03.21"]
[Round "3"]
[White "Brits, Leandra"]
[Black "Fisher, Michelle M"]
[Result "0-1"]
[WhiteElo "1514"]
[BlackElo "1708"]
[PlyCount "87"]
[EventDate "2016.03.20"]
[EventType "swiss"]
[EventRounds "11"]
[EventCountry "RSA"]
[SourceTitle "CBM 171 Extra"]
[Source "ChessBase"]
[SourceDate "2016.04.26"]
[SourceVersion "1"]
[SourceVersionDate "2016.04.26"]
[SourceQuality "1"]

1. d4 Nf6 2. c4 e5 3. dxe5 Ne4 4. g3 Bc5 5. e3 Bb4+ 6. Bd2 Nxd2 7. Nxd2 Nc6 8. Ngf3 Qe7 9. Bg2 Nxe5 10. 0-0 0-0 11. Nxe5 Qxe5 12. Qc2 Bxd2 13. Qxd2 d6 14. b3 Rb8 15. Rac1 Bf5 16. b4 Rfd8 17. Qe2 c5 18. a3 b6 19. Rfd1 Re8 20. Qf3 Rbd8 21. Qb7 Re7 22. Qa6 Bg4 23. Rd2 cxb4 24. axb4 Bc8 25. Qa2 Be6 26. Bd5 Rc8 27. Bxe6 Qxe6 28. Rdc2 Rec7 29. Qa6 Qe7 30. Qb5 g6 31. Qd5 Qe5 32. Qxe5 dxe5 33. c5 Kf8 34. Ra2 Ke7 35. Ra6 Ra8 36. Kg2 Rcc8 37. Kg1 Ke8 38. Kg2 Rd8 39. Rca1 Rd7 40. R1a2 Kd8 41. Ra1 Kc8 42. R1a2 Kb8 43. R6a5 Rd5 44. Kg1 0-1

[Event "RSA-chT U18"]
[Site "Cape Town"]
[Date "2016.01.06"]
[Round "5.7"]
[White "Chetty, Caitlin"]
[Black "Brits, Leandra"]
[Result "1/2-1/2"]
[WhiteElo "1269"]
[BlackElo "1242"]
[PlyCount "35"]
[EventDate "2016.01.04"]
[EventType "team-tourn"]
[EventRounds "7"]
[EventCountry "RSA"]
[SourceTitle "CBM 170 Extra"]
[Source "ChessBase"]
[SourceDate "2016.02.25"]
[SourceVersion "1"]
[SourceVersionDate "2016.02.25"]
[SourceQuality "1"]
[WhiteTeam "Ethekwini"]
[BlackTeam "Johannesburg Metro"]
[WhiteTeamCountry "RSA"]
[BlackTeamCountry "RSA"]

1. e4 c5 2. Nf3 Nc6 3. d4 cxd4 4. Nxd4 d6 5. Nc3 Nf6 6. Bb5 Bd7 7. Nxc6 bxc6 8. Bc4 e5 9. Bg5 Be6 10. Bxe6 fxe6 11. 0-0 Be7 12. Qe2 0-0 13. Rad1 Qc7 14. Rfe1 Rad8 15. Rd2 Kh8 16. Kh1 h6 17. Bh4 Rfe8 18. Red1 1/2-1/2

[Event "RSA-chT U18"]
[Site "Cape Town"]
[Date "2016.01.04"]
[Round "1.7"]
[White "Brits, Leandra"]
[Black "Raubenheimer, Lize"]
[Result "1-0"]
[WhiteElo "1242"]
[BlackElo "1141"]
[PlyCount "45"]
[EventDate "2016.01.04"]
[EventType "team-tourn"]
[EventRounds "7"]
[EventCountry "RSA"]
[SourceTitle "CBM 170 Extra"]
[Source "ChessBase"]
[SourceDate "2016.02.25"]
[SourceVersion "1"]
[SourceVersionDate "2016.02.25"]
[SourceQuality "1"]
[WhiteTeam "Johannesburg Metro"]
[BlackTeam "Kenneth Kaunda"]
[WhiteTeamCountry "RSA"]
[BlackTeamCountry "RSA"]

1. d4 e6 2. c4 d5 3. Nc3 c5 4. cxd5 exd5 5. Nf3 Nc6 6. e3 c4 7. Be2 Be6 8. 0-0 Bd6 9. e4 dxe4 10. d5 Bf5 11. dxc6 exf3 12. Bxf3 Qf6 13. cxb7 Rd8 14. Qa4+ Bd7 15. Qxc4 Ne7 16. Ne4 Qe5 17. Nxd6+ Qxd6 18. Bf4 Qb6 19. Bc7 Bb5 20. Bxb6 Bxc4 21. Bxd8 Bxf1 22. Kxf1 Kxd8 23. b8Q+ 1-0

[Event "RSA-ch U20 Girls"]
[Site "Waterkloof"]
[Date "2015.04.07"]
[Round "5"]
[White "Brits, Leandra"]
[Black "Venter, Carlia"]
[Result "1-0"]
[WhiteElo "1559"]
[BlackElo "923"]
[PlyCount "40"]
[EventDate "2015.04.04"]
[EventType "swiss"]
[EventRounds "9"]
[EventCountry "RSA"]
[SourceTitle "CBM 166 Extra"]
[Source "ChessBase"]
[SourceDate "2015.06.18"]
[SourceVersion "1"]
[SourceVersionDate "2015.06.18"]
[SourceQuality "1"]

1. d4 d5 2. c4 e5 3. cxd5 Qxd5 4. Nc3 Qxd4 5. Qxd4 exd4 6. Nb5 Na6 7. Nxd4 Bd7 8. Bd2 Bb4 9. Bxb4 Nxb4 10. a3 Nd5 11. Ngf3 0-0-0 12. Ne5 Nh6 13. g3 Be6 14. Nxe6 fxe6 15. Bh3 Rhe8 16. 0-0 c6 17. Rfd1 Nf5 18. e4 Nde3 19. fxe3 Nxe3 20. Rxd8+ Rxd8 1-0

[Event "RSA-ch U20 Girls"]
[Site "Waterkloof"]
[Date "2015.04.04"]
[Round "2"]
[White "Wiid, Juane"]
[Black "Brits, Leandra"]
[Result "1-0"]
[WhiteElo "1359"]
[BlackElo "1559"]
[PlyCount "97"]
[EventDate "2015.04.04"]
[EventType "swiss"]
[EventRounds "9"]
[EventCountry "RSA"]
[SourceTitle "CBM 166 Extra"]
[Source "ChessBase"]
[SourceDate "2015.06.18"]
[SourceVersion "1"]
[SourceVersionDate "2015.06.18"]
[SourceQuality "1"]

1. e4 c5 2. c3 d6 3. d4 cxd4 4. cxd4 Nf6 5. Bd3 e6 6. Nf3 Nc6 7. Be3 Be7 8. 0-0 0-0 9. Nc3 d5 10. e5 Nd7 11. Qc2 Kh8 12. Bxh7 a6 13. a3 Re8 14. Ne2 Nf8 15. Bd3 Bd7 16. Nf4 Rc8 17. Ng6+ Nxg6 18. Bxg6 Nxd4 19. Qd3 Nxf3+ 20. gxf3 fxg6 21. Qxg6 Bf8 22. Kh1 Qh4 23. Rg1 Qh7 24. Qg4 Rc4 25. Qg3 Rh4 26. Bf4 Rh3 27. Qg4 Re7 28. Kg2 Rh4 29. Qg3 Rf7 30. Bg5 Rh5 31. Rad1 Qf5 32. h4 Qg6 33. Rd4 Bc5 34. Rg4 Qh7 35. b4 Ba7 36. Rf4 Qg6 37. Rg4 Bb8 38. Bf6 Qh7 39. Bg5 Rf5 40. f4 Rf7 41. Kh3 Rf5 42. Bf6 Rxf6 43. Rxg7 Qf5+ 44. Kh2 Rf7 45. Rg8+ Kh7 46. Rg7+ Kh8 47. Rg8+ Kh7 48. Rh8+ Kxh8 49. Qg8# 1-0